[Event "Lazne Bohdanec"]
[Site "Lazne Bohdanec"]
[Date "1994.??.??"]
[Round "4"]
[White "Hausner, Ivan"]
[Black "Haba, Petr"]
[Result "1/2-1/2"]
[WhiteElo "2480"]
[BlackElo "2475"]
[Annotator "Ftacnik,L"]
[PlyCount "99"]
[EventDate "1994.02.??"]
[EventType "tourn"]
[EventRounds "11"]
[EventCountry "CZE"]
[EventCategory "10"]
[SourceTitle "CBM 040"]
[Source "ChessBase"]
[SourceDate "1994.06.01"]
[SourceVersion "1"]
[SourceVersionDate "1994.06.01"]
[SourceQuality "1"]

1. Nf3 {Horn,Pe} d5 2. g3 Nf6 3. Bg2 c6 4. O-O Bf5 5. d3 e6 6. Nbd2 h6 7. Qe1
a5 $5 (7... Be7) 8. e4 Bh7 9. e5 (9. Qe2 Be7) (9. Ne5 $5 {Horn,Pe}) 9... Nfd7
10. Qe2 Qc7 $1 11. Re1 a4 (11... c5 {Horn,Pe} 12. c4 $14 (12. a4 $5)) 12. a3 (
12. Nf1 {Horn,Pe} a3 13. b3 c5 14. c4 dxc4 15. dxc4 Nc6 16. Bd2 $13) 12... Be7
13. Nf1 c5 14. h4 (14. c4 dxc4 15. dxc4 Nc6 16. h4 (16. Bd2 $13 {Horn,Pe})
16... O-O $13 (16... Na5)) 14... Nc6 (14... c4 {Horn,Pe} 15. Bf4) 15. Bf4 Nd4
$1 16. Nxd4 $2 (16. Qd2 Nxf3+ 17. Bxf3 c4 18. dxc4 (18. d4 c3 $1 19. Qxc3 Qxc3
20. bxc3 Rc8 $44) 18... Qxc4 19. Ne3 Qb5 $10) 16... cxd4 17. h5 (17. Bxd5 g5 $1
(17... exd5 $2 {Horn,Pe} 18. e6 Qc5 19. exf7+ Kxf7 20. Qe6+ Kf8 (20... Ke8 21.
Bd6 $18) 21. Qxd7 $16)) (17. Qg4 $6 {Horn,Pe} g5 18. hxg5 hxg5 19. Bxg5 $13)
17... Qb6 18. Rab1 (18. Qg4 Bf5 $1 (18... g5 {Horn,Pe} 19. hxg6 Bxg6 $13) 19.
Qxg7 O-O-O $1 $19) 18... O-O (18... Ra5 $5 {Horn,Pe /\ Rb5}) 19. Nh2 Rfc8 20.
g4 Ra5 $1 21. b4 $8 (21. Nf3 Rb5 $17) 21... axb3 22. Rxb3 Qc7 (22... Qa7 $5 23.
Nf3 Rxa3 24. Rxa3 Qxa3 25. Nxd4 Qb2 26. Nf5 Bxf5 27. gxf5 Rxc2 28. Qg4 Qd4 $17)
23. Nf3 Rxa3 (23... Qxc2 $2 {Horn,Pe} 24. Qxc2 Rxc2 25. Rxb7 $18) 24. Rb2 (24.
Rxa3 Bxa3 25. Nxd4 Bb2 $17) (24. Nxd4 Rxb3 25. cxb3 Qb6 26. Be3 Qa6 $17) 24...
b6 (24... Rc3 $2 {Horn,Pe} 25. Nxd4 $16) 25. Bd2 (25. Nxd4 $4 {Horn,Pe} Qc3 $19
) 25... Ra4 26. Bh3 (26. g5 {Horn,Pe} hxg5 27. Nxg5 Bf5 $13 (27... Bxg5 28.
Bxg5 Qc3 29. Reb1 $13)) 26... Qa7 27. g5 hxg5 28. Nxg5 Bxg5 29. Bxg5 Ra2 $6 (
29... Ra1 $142 30. Kg2 (30. Reb1 Rxb1+ 31. Rxb1 Qc7 $17) 30... Rxe1 31. Qxe1
Qa3 $17) 30. Rxa2 Qxa2 31. Qg4 $1 (31. Rc1 Rc3 32. Bg4 Qb2 $17) 31... Qa5 (
31... Bf5 32. Qg3 Bxh3 33. Bh6 g6 (33... Kf8 {Horn,Pe} 34. Bxg7+ Ke8 35. Qxh3
$18) 34. hxg6 $18) (31... Qa3 32. Bf6 Qf8 33. h6 g6 34. Bg5 Rxc2 35. Qxd4 $13)
(31... Kf8 32. h6 Rxc2 33. Bf6 gxf6 (33... g6 34. Qxd4 $40) 34. Qg7+ Ke8 35.
Bxe6 fxe6 36. exf6 Kd8 37. Qxh7 Nxf6 (37... Rxf2 38. Qg8+ Kc7 39. Qg3+ $18) 38.
Qh8+ Ne8 39. Rxe6 Qa4 40. Rxe8+ Qxe8 41. Qxe8+ Kxe8 42. h7 $18) 32. Re2 Qb4 33.
Bf6 Qf8 34. h6 g6 (34... Nxf6 35. exf6 g6 36. Rxe6 Rxc2 37. Rxb6 $16) 35. Bg5 (
35. Qxd4 {Horn,Pe} Nxf6 (35... Qxh6) 36. exf6 Qxh6 37. Qg4 Rc6 $13) (35. Qxe6
$2 {Horn,Pe} fxe6 36. Bxe6+ Qf7 37. Bxf7+ Kxf7 38. e6+ (38. Bg5 Ke6) 38... Kxf6
39. exd7 Rd8 $19) (35. Bg7 $1 {Horn,Pe} Qe7 (35... Qb4 36. Qxe6 $18) 36. Qxd4
$16) 35... Qb4 36. Kg2 (36. Qxe6 fxe6 37. Bxe6+ Kf8 38. Bxd7 Re8 39. e6 Re7 $17
) (36. Qf4 $5 {Horn,Pe} Qb1+ 37. Qc1 $44) (36. Kh2 $5 {Horn,Pe}) 36... Qa4 37.
c4 $2 (37. Qf4 $1 Rxc2 38. Rxc2 Qxc2 39. Qxd4 Qc5 40. Qa1 $40) (37. Be3 {
Horn,Pe} Rxc2 (37... Nxe5 38. Qf4 Nd7 39. Bxd4 e5 (39... Rxc2 40. Rxe6 $18) 40.
Rxe5 $18) 38. Rxc2 Qxc2 39. Qxd4) 37... dxc4 38. Qxd4 Qc6+ 39. Kh2 c3 40. Rc2
Qc7 41. f4 Nf8 $2 (41... b5 42. Qb4 (42. Bf1 Nb6) 42... Qc5 43. Qxc5 Rxc5 44.
Be7 Rc8 45. Bb4 g5 46. fxg5 Nxe5 47. Rxc3 Rxc3 48. Bxc3 Nxd3 $15) 42. Bg2 $2 (
42. Qb4 b5 43. d4 Qc4 44. Qxc4 Rxc4 45. Bf1 Rxd4 46. Rxc3 b4 47. Rc8 f6 48.
exf6 Kf7 49. Bb5 $18) 42... b5 43. Qb4 Qc5 44. Qxc5 Rxc5 45. Be7 Rc8 46. Bb4 g5
47. fxg5 Bxd3 48. Rxc3 Rxc3 49. Bxc3 Kh7 50. Bb4 1/2-1/2

[Event "Olympiad-36"]
[Site "Mallorca"]
[Date "2004.10.26"]
[Round "11"]
[White "Dinh, Duc Trong"]
[Black "Lutz, Christopher"]
[Result "0-1"]
[WhiteElo "2392"]
[BlackElo "2596"]
[Annotator "Ftacnik,L"]
[PlyCount "104"]
[EventDate "2004.10.15"]
[EventType "team-swiss"]
[EventRounds "14"]
[EventCountry "ESP"]
[SourceTitle "CBM 104"]
[Source "ChessBase"]
[SourceDate "2005.01.27"]
[SourceVersion "1"]
[SourceVersionDate "2005.01.27"]
[SourceQuality "1"]
[WhiteTeam "Vietnam"]
[BlackTeam "Germany"]
[WhiteTeamCountry "VIE"]
[BlackTeamCountry "GER"]

1. g3 d5 2. Bg2 e5 3. d3 c6 4. Nf3 Bd6 5. e4 Nf6 6. Nbd2 O-O 7. O-O Re8 8. b3
a5 9. a3 Bg4 10. h3 Bh5 11. Bb2 Nbd7 12. Qe1 dxe4 13. dxe4 b5 14. Nh4 Qb6 (
14... Nc5 15. Kh1 Ne6 16. Nf5 a4 17. f4 exf4 18. e5 Bc5 19. exf6 Nd4 20. Qxe8+
Qxe8 $18 {1/2-1/2 Fries Nielsen,J-Rasmussen,K/Aarhus 2003/ (20)}) 15. Bf3 $6 {
White is missing a chance for full equality after the timely 14.a4. Now Black
will enjoy some pull.} (15. a4 Nf8 16. Nf5 Bc5 $11) 15... Bxf3 16. Nhxf3 a4 $1
17. b4 (17. Qe2 Red8 18. Rfd1 Ne8 $15) 17... c5 18. c3 (18. bxc5 Bxc5 19. Qe2
Qe6 20. Ng5 Qe7 $17) 18... Rac8 (18... c4 19. Rd1 Rad8 $17) 19. Qe2 g6 20. Rfe1
Bf8 21. Nf1 (21. Rad1 Qc6 $15) 21... Qc6 22. Rad1 h5 23. Bc1 Nb6 24. Bg5 $6 {
Din Duc is just losing time in the phase, where the transfer of White's Knight
to d5 would nearly equalise the game.} (24. Kg2 $5 Nfd7 25. Ne3 $11) 24... Nh7
25. Bc1 Bg7 26. Qd3 Nf6 27. Bg5 (27. N1d2 Red8 28. Qe3 Nfd7 $15) 27... Nc4 28.
Ra1 (28. Bxf6 Bxf6 29. Ra1 cxb4 30. cxb4 Red8 $17) 28... Nd7 29. N1d2 Ndb6 30.
Nxc4 (30. bxc5 Qxc5 31. Be3 Nxe3 32. Qxe3 Qxe3 33. Rxe3 Red8 34. Rb1 Bh6 35.
Re2 Rxc3 36. Rxb5 Rd6 37. Rxe5 Rxa3 $17) 30... Nxc4 {[%mdl 16] White pawns on
a3 and c3 are source of concern, Black is clearly better.} 31. Qb1 (31. Nd2
cxb4 32. cxb4 f6 33. Be3 Red8 34. Qe2 Nxe3 35. Qxe3 Qd7 36. Rad1 Qxh3 $17)
31... Bf6 (31... cxb4 32. cxb4 Qe6 33. Kg2 f6 34. Be3 Red8 $17) 32. Be3 (32.
Bxf6 Qxf6 33. Kg2 Red8 $17) 32... Be7 33. Ra2 Red8 34. h4 (34. Rd1 Rxd1+ 35.
Qxd1 Nxe3 36. fxe3 Qxe4 $19) 34... Rd7 35. Nd2 (35. Kg2 Rcd8 $17) 35... Nxe3
36. Rxe3 (36. fxe3 Qe6 37. Nf3 cxb4 38. cxb4 Rc3 $19) 36... Rcd8 37. Qe1 (37.
Nf1 Rd1 38. Qc2 Qe6 39. Kg2 Qb3 $17) 37... Bf8 38. Nf1 Bh6 39. Rf3 Rd1 {
Lutz has clearly succeeded in his pieces activization.} 40. Qe2 cxb4 41. cxb4
Qc1 42. Kg2 (42. Rc2 Rxf1+ 43. Kg2 Rg1+ $19) (42. Qxb5 Qb1 43. Qc4 Rxf1+ 44.
Qxf1 Qxa2 $19) 42... Rxf1 $1 43. Qxf1 Rd1 {The game is over as White has to
give up the Queen in order to avoid mating attack.} 44. Qxd1 (44. Qxb5 Rg1+ 45.
Kh2 Rh1+ 46. Kg2 Qg1#) 44... Qxd1 45. Rc3 Qe1 $1 46. Rc5 Qxe4+ 47. f3 Qe1 48.
Rxb5 Be3 49. Rxe5 Qg1+ 50. Kh3 Bf2 51. Rxf2 Qxf2 52. f4 Qf3 0-1

[Event "Biel GM 43rd"]
[Site "Biel"]
[Date "2010.07.28"]
[Round "9"]
[White "Nguyen, Ngoc Truong Son"]
[Black "Giri, Anish"]
[Result "1-0"]
[WhiteElo "2617"]
[BlackElo "2672"]
[Annotator "Ftacnik,L"]
[PlyCount "117"]
[EventDate "2010.07.19"]
[EventType "tourn"]
[EventRounds "9"]
[EventCountry "SUI"]
[EventCategory "17"]
[SourceTitle "CBM 138"]
[Source "ChessBase"]
[SourceDate "2010.09.17"]
[SourceVersion "1"]
[SourceVersionDate "2010.09.17"]
[SourceQuality "1"]

1. Nf3 Nf6 2. g3 d5 3. Bg2 c6 4. d3 Bg4 5. O-O Nbd7 6. h3 Bh5 7. Qe1 e5 8. e4
dxe4 9. dxe4 Be7 10. Nh4 {In a symmetrical position White is hoping to
activate his pieces and advance the f2-pawn at a suitable moment.} O-O 11. Nf5
Bc5 12. b4 Bb6 13. Na3 $5 {This new move makes a very good impression. The
knight will fight the strong b6-bishop and attack the vulnerable d6-square.} (
13. Nd6 Qc7 14. Nc4 a5 15. Nxb6 Nxb6 16. c3 Nfd7 17. Nd2 f6 18. a3 c5 19. bxa5
Rxa5 20. Rb1 Ra4 21. f4 Bf7 22. Rf2 Nc4 23. Nxc4 Bxc4 24. Qd1 {1/2-1/2
Minasian,A (2600)-Yagupov,I (2449)/Linares 2000 (52)} b5 $15) (13. Bb2 a5 14.
a3 axb4 15. axb4 Rxa1 16. Bxa1 Qa8 17. Nd2 Qa2 18. Qb1 Ra8 19. Nd6 Qe6 20. N6c4
Bc7 21. Re1 Bg6 22. Bc3 b5 23. Ne3 Nb6 24. Qb3 $11 {0-1 Jurkiewicz,K (2303)
-Kuczynski,R (2492)/Ustron 2003 (27)}) 13... Bg6 14. Nc4 Bxf5 {In order to
complete the development in a harmonious way Giri is ready to part with the
bishop.} (14... Bc7 15. Bb2 $14) 15. exf5 Qe7 16. a4 {An interesting moment in
the game as Nguyen is not eager to exchange the second bishop. The nature of
White's pawn structure would definitely complicate the real activation of the
bishops.} (16. Nxb6 axb6 17. a3 b5 $11) 16... Nd5 17. Rb1 (17. Bd2 Rfd8 18. Rd1
Bc7 $11) 17... e4 (17... Rfe8 18. Rb3 e4 $11) 18. a5 Bd4 $2 {Black was already
struggling with some problems, but the centralisation of the bishop is
tactically dubious.} (18... Bc7 19. b5 Rfe8 20. a6 Qc5 21. axb7 Rab8 22. Nd2
cxb5 23. Nxe4 Qc4 24. Bb2 $14) 19. Qxe4 $1 Qxe4 20. Bxe4 Nc3 21. Bb2 Bxf2+ {
Black might have been hoping to get away from trouble with the help of this
move. Unfortunately for him the resulting position is not equal.} (21... Nxb1
22. Bxd4 b5 23. Rxb1 bxc4 24. Bxc6 Rad8 25. Bxa7 $18) 22. Rxf2 $5 (22. Kxf2
Nxe4+ 23. Kf3 Rfe8 24. Rbd1 Ndf6 25. Rfe1 $14) 22... Nxe4 23. Re2 Nxg3 (23...
Ndf6 24. Kg2 Rad8 25. Rbe1 Rfe8 26. h4 $16) 24. Re7 Nf6 (24... Rad8 25. Rd1 Nf6
26. Rxd8 Rxd8 27. Rxb7 $16) 25. Bxf6 gxf6 26. Kf2 (26. Rxb7 $6 Rfd8 $14) 26...
Nxf5 27. Rg1+ Kh8 (27... Ng7 $2 28. Nd6 $18) 28. Rxb7 {Black is struggling in
this endgame despite the nominal advantage of the pawn. His king is passive,
all the pawns are isolated and pieces are not sufficiently active.} Rab8 (28...
Rfd8 29. Rxf7 c5 (29... Rd4 30. Rg4 Rxc4 (30... Rxg4 31. hxg4 Nh6 32. Rc7 Nxg4+
33. Kf3 h5 34. Rxc6 $16) 31. Rxc4 Nd6 32. Rxa7 Rxa7 33. Rxc6 $16) 30. Ne3 Nxe3
31. Kxe3 Rg8 32. Rxg8+ Kxg8 33. Rb7 cxb4 34. a6 $16) 29. a6 $1 Rxb7 (29... Rfd8
30. Rg4 $1 $16) 30. axb7 Rb8 31. Na5 Nd6 {The pesky b7 pawn has to be
eliminated at all costs.} 32. Rd1 Nxb7 33. Nxc6 Rc8 (33... Re8 34. Nxa7 $16)
34. b5 Kg7 35. Kf3 {The virtue of Asian people is usually patience. White is
ignoring the active line with some tricky ideas. It would try to win the pawn
on a7 quickly.} (35. Rd7 Nc5 36. Nxa7 $1 (36. Rxa7 Ne4+ 37. Kg2 Nd6 $11) 36...
Ra8 37. Rc7 Ne6 38. b6 $16) 35... Rc7 (35... Kf8 36. Rd7 Nc5 37. Rxa7 $18) 36.
Rd5 $1 {[%mdl 4096] The knight on b7 is completely dominated.} f5 (36... Kf8
37. c4 Ke8 38. Ke4 $16) 37. c4 Kf6 38. c5 Ke6 39. Re5+ Kf6 {The poor black
king could not really help his passive pieces on the queenside.} (39... Kd7 40.
Re7+ Kc8 41. Nxa7+ Kd8 42. Nc6+ Kc8 43. Re8+ Kd7 44. Re5 $18) 40. Kf4 Rd7 (
40... Kg7 41. Rd5 Kf6 42. Rxf5+ Kg6 43. Rg5+ Kf6 44. Rd5 Ke6 45. Re5+ Kf6 46.
Ke4 $18) 41. Rxf5+ Ke6 42. Re5+ Kf6 43. Rh5 Nd8 {The knight has to try for
freedom, otherwise the defence has no chance for success.} (43... Kg6 44. Ne5+
Kxh5 45. Nxd7 $18) (43... Kg7 44. Ke4 Nd8 45. Nxd8 Rxd8 46. c6 $18) (43... Rd1
44. Nxa7 Ra1 45. Nc8 $18) 44. Rf5+ Ke6 45. Re5+ Kf6 46. Nxd8 Rxd8 47. c6 {
The situation is still very bad for the defender, since the king is unable to
help with blockading c6 pawn.} Rd1 (47... Rg8 48. Rd5 Rb8 49. Ke4 Ke6 50. Kd4
Rg8 51. Rd7 Ra8 52. Kc5 $18) 48. Re8 $1 Rf1+ (48... Rc1 49. Ra8 Rc5 50. Ke4 $18
) 49. Kg4 Rc1 50. Kf3 $1 h5 51. Ra8 Rc5 (51... Ke6 52. Rxa7 Rc3+ 53. Kf4 Rc4+
54. Ke3 Rb4 55. Rb7 $18) 52. Ke4 {The fight is clearly over as Black will not
be able to keep the rook on the critical square c5.} Re5+ (52... Ke6 53. Kd4
Rd5+ 54. Kc4 $18) 53. Kd4 Re7 54. Kd5 Re5+ 55. Kd6 Rxb5 (55... Re1 56. c7 $18)
56. c7 Rb1 57. c8=Q Rd1+ 58. Kc5 Rc1+ 59. Kd4 1-0

[Event "Hoogovens op"]
[Site "Wijk aan Zee"]
[Date "1995.01.??"]
[Round "6"]
[White "Tkachiev, Vladislav"]
[Black "Tregubov, Pavel V"]
[Result "1/2-1/2"]
[WhiteElo "2575"]
[BlackElo "2515"]
[Annotator "Ftacnik,L"]
[PlyCount "63"]
[EventDate "1995.01.??"]
[EventType "swiss"]
[EventRounds "12"]
[EventCountry "NED"]
[SourceTitle "CBM 046"]
[Source "ChessBase"]
[SourceDate "1995.06.01"]
[SourceVersion "1"]
[SourceVersionDate "1995.06.01"]
[SourceQuality "1"]

1. g3 d5 2. Bg2 c6 3. Nf3 Bg4 4. O-O Nd7 5. d4 e6 6. Nbd2 f5 7. c4 Bd6 (7...
Ngf6 8. Qb3 (8. Ng5 $5) 8... b6 $6 (8... Rb8 9. cxd5 exd5 10. Qd3 $36) (8...
Qb6 9. c5 Qc7 10. h3 Bh5 11. Qe3 Ne4 12. Nxe4 fxe4 13. Ng5 e5 14. Ne6 Qb8 15.
b4 Kf7 16. Nxf8 Rxf8 17. Bb2 exd4 18. Qxd4 Nf6 19. g4 Bg6 20. f4 exf3 21. exf3
Qg3 22. Qe5 Qxe5 23. Bxe5 Rfe8 24. Bd4 Re2 25. Rf2 Rae8 26. Bf1 Re1 27. Rd2
Rxa1 28. Bxa1 Re1 29. Bb2 Rb1 30. Kf2 Nd7 31. h4 h5 32. Bh3 Nf6 33. g5 {
Beil,Z-Sosna,J/CZE-ch (05) ;TD 94\03 1994/1-0 (52)}) 9. Qa4 Rc8 10. Qxa7 $16 {
Haakert-Oechler, BRD 1964}) 8. Qb3 Rb8 (8... Qb6 9. Qe3 f4 10. gxf4 Qc7 11. Ne5
Bf5 12. c5 Bf8 13. Ndf3 Nh6 14. Ng5 Nxe5 15. fxe5 O-O-O 16. a4 Nf7 17. Nxf7
Qxf7 18. b4 g5 19. b5 h5 20. Qc3 Qc7 21. Bd2 g4 22. Qa5 Qxa5 23. Bxa5 Rd7 24.
Bd2 h4 25. Rfc1 Bh6 26. Bxh6 Rxh6 27. Ra3 Kc7 28. Rb3 Rg7 29. bxc6 Kxc6 30. a5
Rhg6 31. Rcc3 g3 32. hxg3 Rg4 33. Rb4 hxg3 {Hladik,J-Mitura,V/CZE-ch (05) ;TD
93\10 1993/1-0 (45)}) 9. Re1 $1 {SEHR INTERESSANT} (9. cxd5 $5 exd5 (9... cxd5
10. Qe3 Qe7 11. Ng5 $18) 10. Qd3 Nh6 (10... Qf6 11. e4 $1 Bxf3 (11... fxe4 12.
Nxe4 dxe4 13. Qxe4+ $18) 12. e5 Qe6 13. Nxf3 Be7 14. b4 $1 $16 {Norwood-King/
London/1988} (14. b4 h5 15. h4 g6 16. b5 Nh6 17. bxc6 bxc6 18. Bg5 Nb6 19. Qa6
Qd7 20. Rac1 Nc4 21. Rb1 Rb6 22. Rxb6 Nxb6 23. e6 Qc7 24. Bf4 Qd8 25. Qxa7 Ng4
26. Bc7 {1-0 Norwood,D-King,D/London WFW ;CBM 09 1988})) (10... Ngf6 11. h3 (
11. Nh4 g6 12. f3 Bh5 13. e4 Be7 14. Nb3 fxe4 15. fxe4 dxe4 16. Bxe4 O-O 17.
Bg2 Ne5 18. Qc2 Nf7 19. Bf4 Rc8 20. Nf3 Bg4 21. Rae1 Bf5 22. Qc4 Nd5 23. Ne5 b5
24. Qc1 Nxf4 25. Qxf4 Nxe5 26. Qxe5 Bd6 27. Qe3 Bb4 28. Rc1 Qd6 29. a3 Qe7 30.
Qxe7 Bxe7 31. Bxc6 Bd3 32. Bd5+ Kg7 33. Rfe1 Bf6 34. Kg2 Rcd8 35. Nc5 Rxd5 36.
Nxd3 Rxd4 37. Nf4 Rd2+ 38. Kh3 Kh6 39. Rc7 Bg5 {1-0 Kengis,E-Meduna,E/Katowice
op ;TD 93\03 1993}) 11... Bxf3 12. exf3 $16) (10... Ne7 11. Ng5 $16) 11. Nb3
Bxf3 (11... O-O 12. Bxh6 gxh6 13. e3 $16) (11... Qf6 12. Bg5 Qe6 (12... Qg6 $5
13. Qe3+ Kf7 14. Ne5+ $16) 13. Nc5 $1 Bxc5 (13... Nxc5 14. dxc5 Bc7 (14... Bxc5
15. Qc3 Bf8 16. Bxh6 Qxh6 17. Qe5+ $18) 15. Nd4 $18) 14. dxc5 Bxf3 (14... Nxc5
15. Qc3 $16) (14... O-O 15. Nd4 Qg6 16. Be7 Rf7 17. Bd6 $16) 15. exf3 {/\ Rfe1}
O-O 16. Rfe1 Qg6 17. Bf4 Rbc8 $6 (17... Rbe8 18. Bd6 $16) (17... Nxc5 $4 18.
Qd4 $18) (17... Ra8 $16) 18. Qa3 $1 b6 $6 (18... a6 19. Qb4 $18) (18... Ra8 $16
) 19. b4 (19. Qxa7 $6 Nxc5 20. Qxb6 Nd3) 19... Rf7 (19... Ra8 20. Re7 Rf7 21.
Rae1 $16) 20. Qxa7 Nxc5 21. Qxb6 Nd3 22. Qa6 $18 Nxe1 23. Qxc8+ Rf8 24. Qa6 Nc2
25. Rc1 Nxb4 26. Qa3 c5 27. Rxc5 Qb6 28. Qa5 Qxa5 29. Rxa5 Rd8 30. Bd2 Nc6 31.
Rc5 Ne7 32. Bg5 Kf7 33. a4 Nhg8 34. a5 h6 35. Bd2 Rc8 36. Rxc8 Nxc8 37. Be3
Nge7 38. a6 Nc6 39. f4 Ke6 40. Bc5 g6 41. Kf1 N8a7 42. Ke1 Nb5 43. Kd2 Nc7 44.
a7 Na5 45. Kc3 Nb7 46. Bb6 Na8 47. Kd4 {1-0 Kengis,E-Hector,J/Haninge (04) ;
CBM 30 1992}) 12. exf3 (12. Qxf3 O-O 13. Bxh6 gxh6 14. Qh5 $14) 12... O-O (
12... Qf6 13. Bxh6 gxh6 14. Rae1+ Kf7 15. f4) 13. Bxh6 gxh6 14. f4 Qf6 15. Rfe1
$14) (9. Qe3 Qe7 10. Ng5 Nf8 11. Ndf3 h6 12. Nh3 Bxf3 $146 (12... g5 13. Ne5
Nf6 14. cxd5 Nxd5 15. Qd3 Bxe5 16. dxe5 Rd8 17. Qc4 Nd7 18. f3 Bxh3 19. Bxh3
O-O 20. f4 g4 21. Bg2 Qc5+ 22. Qxc5 Nxc5 $10 {Bezold-Yusupov/Altensteig/1993} (
22... Nxc5 23. Rd1 Kf7 24. Kf2 h5 25. Be3 Nxe3 26. Kxe3 Ke7 27. Rac1 Rxd1 28.
Rxd1 h4 29. gxh4 Rh8 {1/2-1/2 Bezold,M-Yusupov,A/Altensteig (06) ;CBM 37 1993})
) (12... Ng6 13. Ne5 Nxe5 14. dxe5 Bc5 15. Qd3 g5 16. cxd5 exd5 17. Be3 Rd8 18.
f4 Nf6 19. Nf2 Bxe3 20. Qxe3 gxf4 21. Qxf4 Nh5 22. Qe3 O-O 23. Rae1 f4 24. gxf4
Rxf4 25. Nxg4 {1/2-1/2 Bezold,M-De la Riva,O/WchJ U20 Buenos Aires ;EXP 32 1992
}) 13. Qxf3 (13. exf3 g5 $13) 13... Nf6 14. Qb3 (14. Nf4 g5 15. Nh5 (15. Nh3 g4
$19) (15. Nd3 dxc4) 15... Nxh5 16. Qxh5+ Qf7 $13) (14. cxd5 $5 cxd5 (14... Nxd5
15. e4 fxe4 16. Qxe4 $14) 15. Bf4 $14 (15. Nf4 $14)) 14... Ng6 15. cxd5 exd5
16. Qe3 Qxe3 17. Bxe3 Kd7 18. a3 Rbe8 19. Rfe1 Ne4 20. Rad1 Rhf8 21. Bc1 f4 22.
f3 Ng5 23. Nxg5 hxg5 24. Bh3+ Kc7 25. Kg2 Rh8 26. Bf5 Ne7 27. Bg4 Ng8 28. e4
dxe4 29. fxe4 Nh6 30. Bh5 f3+ 31. Kxf3 (31. Bxf3 g4 32. Be2 Rxe4) 31... g6 32.
Bxg6 $8 Ref8+ 33. Kg2 (33. Ke2 Ng4) 33... Ng4 34. e5 Rxh2+ 35. Kg1 Be7 (35...
Rff2 $2 36. exd6+ Kxd6 37. Be4 Rh3 38. Rd3 $18) 36. Rf1 Rfh8 {/\ Rh1#} 37. Be4
Nxe5 $1 38. Rd2 (38. dxe5 $4 Bc5+ $19) 38... Rxd2 39. Bxd2 Nc4 40. Bc1 Nd6 41.
Bd3 Rh6 42. Kg2 $14 {Bezold,M-Loginov,V/Budapest FS FebGM (10)/1994/1/2-1/2/ ;
CBM 40}) 9... Qe7 (9... Ngf6 10. Ng5 Qe7 11. f3 Bh5 12. e4 $40 (12. e4 h6 13.
exf5 e5 14. Ne6 Bf7 15. c5 Nxc5 16. dxc5 Bxc5+ 17. Kh1 Bd6 18. Nxg7+ Kf8 19.
Ne6+ Bxe6 20. fxe6 h5 21. Bh3 h4 22. g4 Kg7 23. f4 exf4 24. Nf3 Ne4 25. Nd4 Kg6
26. Qc2 Qf6 27. Rxe4 dxe4 28. Qxe4+ {1-0 Hug,W-Lobron,E/Garmisch-Partenkirchen
25' (02) ;EXP 43 1994})) (9... Nh6 10. cxd5 cxd5 11. Ne5 Nxe5 12. dxe5 Bc7 13.
h3 Bh5 14. f4 Bb6+ 15. Kh2 O-O 16. Nf3 Bxf3 17. Bxf3 {1/2-1/2 Hug,W-Speelman,J/
Altensteig (10) ;CBM 43 1994}) 10. Ne5 {Sacrifice P} (10. Nh4 Ngf6 11. f3 g5 $5
$13) 10... Nxe5 (10... Ngf6 11. Nxg4 Nxg4 12. cxd5 exd5 13. e4 O-O 14. e5 $16 {
Tkachiev,V-Winants,L/Wijk op/1995/}) (10... Bh5 11. cxd5 cxd5 12. Ndf3 $14) 11.
dxe5 Bxe5 12. cxd5 exd5 13. e4 $1 {Sacrifice P} (13. f3 Bh5 14. e4 fxe4 15.
fxe4 d4 16. Nc4 Bf7 $13) 13... fxe4 14. Nxe4 {Sacrifice N} dxe4 15. Rxe4 Nf6 (
15... Bf5 16. Rxe5 Qxe5 17. Bf4 Qe6 18. Qc3 {/\ Bb8, Re1}) 16. Bg5 (16. Rxe5
Qxe5 17. Bf4 Qe6 $14) 16... Be6 (16... Qe6 17. Qxe6+ Bxe6 18. Rxe5 Kf7 19. a4
Rhe8 20. a5 a6 21. Rae1 $14) 17. Qe3 Nd5 18. Qd2 $5 (18. Bxe7 Nxe3 19. Rxe5
Kxe7 20. Bh3 Nd5 21. Rae1 $40) 18... Qf7 (18... Bf6 19. Bxf6 Nxf6 20. Rxe6 Qxe6
21. Re1 Qxe1+ 22. Qxe1+ $16) 19. Rxe5 {Winning back the sacrificed material}
O-O 20. Rae1 Rbe8 21. Be3 $6 (21. Qd4 $5 a6 22. b3 {/\ Bc1}) 21... Nb6 $1 22.
Bxb6 (22. b3 Bd5) 22... axb6 23. a4 $6 (23. Qe3 Bd7 24. Qxb6 Rxe5 25. Rxe5 Qxa2
) (23. b3 Bc8 24. f4 $14) 23... Bb3 24. Qd4 Rxe5 (24... c5 25. Qd2 Rxe5 26.
Rxe5 Kh8 $10) 25. Rxe5 Qf6 (25... c5 26. Qe3 $14) (25... Qc7 26. f4 Rd8 27. Qe3
Bf7 $14) 26. f4 Rd8 $2 (26... Qd8 $5) 27. Qxb6 Rd1+ 28. Kf2 Rd2+ 29. Ke3 Rxg2 (
29... Rxb2 30. Bh3 Qd6 31. Be6+ Kh8 32. Bxb3 Qd2+ 33. Kf3 Qg2+ 34. Kg4 $18) 30.
Qxb3+ Kf8 31. Qxb7 Qd8 32. Rf5+ 1/2-1/2